000
00317nam a2200121Ia 4500
008
210430s9999 xx 000 0 und d
082
_a
813.54 D6189 M
100
_a
Dr.Parag Diwan
_9
54137
245
_a
Nano Composites
_c
Dr.Parag Diwan
260
_a
India
_b
Pentagon Press
_c
2006
300
_a
156 p
942
_c
BK
_2
ddc
999
_c
565047
_d
565047